Films avec Swann Arlaud par image - Statistiques

Statistiques générales
  • Ce quiz a été pris 11 fois
  • Le résultat moyen est 5 sur 16
Statistiques - réponses
Par images Réponse % Correct
Anatomie d'une chute
91%
Petit Paysan
73%
L'Inconnu de la Grande Arche
64%
La Condition
45%
Grâce à Dieu
36%
Les Anarchistes
27%
L'Etabli
27%
Perdrix
27%
Vous ne désirez que moi
27%
A propos de Joan
18%
Comment je suis devenu un super-héros
18%
Sukkwan Island
18%
Tant que le soleil frappe
18%
Une vie
18%
Baden Baden
9%
Les Emotifs anonymes
9%
Aucun quiz correspondant
Distribution des résultats
% des personnes avec chaque résultat
Percentile par nombre de réponses
Votre historique - résultats
Vous n’avez pas pris ce quiz